Asas-asas ilmu perubatan (jilid 1)

Bibliographic Details
Main Author: M. Saidi Hashim Tahir (Author)
Corporate Author: Pusat Pengajian Sains Perubatan, Universiti Sains Malaysia
Format: Book
Language:Malay
Published: Pulau Pinang : Universiti Sains Malaysia , 1981
Subjects:

MARC

LEADER 00000cam a2200000 7i4500
001 0000069813
005 20230411093000.0
008 101208s1981 my may
050 0 0 |a R129.   |b A798 1981 
060 1 0 |a WB100   |b A798 1981 
090 0 0 |a WB100   |b A798 1981 
245 0 0 |a Asas-asas ilmu perubatan (jilid 1)   |c M. Saidi Hashim Tahir ... [et al.] 
260 |a Pulau Pinang :   |b Universiti Sains Malaysia ,   |c 1981 
300 |a 309 p. :   |b ill. ;   |c 26 cm. 
500 |a Includes index 
505 0 |a 1. Sel -- 2. Tisu -- 3. Kulit dan apendej -- 4. Sistem otot-rangka -- 5. Darah dan sistem imun -- 6. Sistem kardiovaskular -- 7. Sistem pernafasan -- 8. Sistem trek gastrointestin 
650 0 |a Medicine 
650 1 2 |a Internal medicine 
700 0 |a M. Saidi Hashim Tahir ,   |e author 
710 2 |a Pusat Pengajian Sains Perubatan, Universiti Sains Malaysia 
999 |a 1000135460   |b Book   |c OPEN SHELF (30 DAYS)   |e Medical Campus